Listen Mom and Dad:i am your teen speaking Vol 1 (Record no. 221839)
[ view plain ]
| 000 -LEADER | |
|---|---|
| fixed length control field | 00638nam a22001937a 4500 |
| 005 - DATE AND TIME OF LATEST TRANSACTION | |
| control field | 20220312114612.0 |
| 008 - FIXED-LENGTH DATA ELEMENTS--GENERAL INFORMATION | |
| fixed length control field | 220312b ||||| |||| 00| 0 eng d |
| 020 ## - INTERNATIONAL STANDARD BOOK NUMBER | |
| International Standard Book Number | 9789948380474 |
| 040 ## - CATALOGING SOURCE | |
| Transcribing agency | AL |
| 041 ## - LANGUAGE CODE | |
| Language code of text/sound track or separate title | English |
| 082 ## - DEWEY DECIMAL CLASSIFICATION NUMBER | |
| Edition number | 23 |
| Classification number | 155.5 |
| Item number | KORI |
| 100 ## - MAIN ENTRY--PERSONAL NAME | |
| Personal name | Susan Koruthu |
| 100 ## - MAIN ENTRY--PERSONAL NAME | |
| 9 (RLIN) | 23475 |
| 245 ## - TITLE STATEMENT | |
| Title | Listen Mom and Dad:i am your teen speaking Vol 1 |
| Remainder of title | A Parent -teen user guide 100 ways to raise a confident high quality teen |
| 260 ## - PUBLICATION, DISTRIBUTION, ETC. | |
| Place of publication, distribution, etc. | UAE |
| Name of publisher, distributor, etc. | Book land publishing |
| Date of publication, distribution, etc. | 2018 |
| 300 ## - PHYSICAL DESCRIPTION | |
| Extent | ix,208 p. |
| Other physical details | PB |
| Dimensions | 21x14 cm. |
| 440 ## - SERIES STATEMENT/ADDED ENTRY--TITLE | |
| Title | Right Skills-Right Living Series volume 1 |
| 9 (RLIN) | 23476 |
| 700 ## - ADDED ENTRY--PERSONAL NAME | |
| Personal name | KORUTHU (Susan) |
| 9 (RLIN) | 23477 |
| 942 ## - ADDED ENTRY ELEMENTS (KOHA) | |
| Source of classification or shelving scheme | Dewey Decimal Classification |
| Koha item type | Donated Books |
| Withdrawn status | Lost status | Source of classification or shelving scheme | Damaged status | Not for loan | Collection code | Home library | Current library | Date acquired | Total Checkouts | Total Renewals | Full call number | Barcode | Date last seen | Date last checked out | Price effective from | Koha item type |
|---|---|---|---|---|---|---|---|---|---|---|---|---|---|---|---|---|
| Dewey Decimal Classification | Psychology | St Aloysius Library | St Aloysius Library | 03/08/2022 | 2 | 1 | 155.5 KORI | D04796 | 02/03/2024 | 01/22/2024 | 03/12/2022 | Donated Books |